De veritate

Сохранить в:
Библиографические подробности
Главный автор: Tomás de Aquino 1220-1274 Santo (Автор)
Формат:
Язык:испанский
Опубликовано: Santiago Universitaria 1978
Редактирование:1a. ed
Серии:Cormorán. Colección Los Clásicos
Предметы:
Метки: Добавить метку
Нет меток, Требуется 1-ая метка записи!

MARC

LEADER 00000cam a2200000 a 4500
001 UCZ2164
003 CL-VaPUC
008 950926e19780200CL |||||||||||||||||spa|d
082 0 4 |a 189.4  |b TOM  |2 21 
100 |a Tomás de Aquino  |d 1220-1274  |c Santo  |e author  |9 255832 
245 1 0 |a De veritate 
250 |a 1a. ed 
300 |a 172 p 
942 |c BK 
945 |d 19950926 00:00:00  |a cmena 
260 |a Santiago  |b Universitaria  |c 1978 
600 0 |a Dios  |9 314467 
650 0 |a Filosofía medieval  |9 256245 
650 0 |a Tomismo  |9 259214 
650 0 |a Epistemología   |9 264994 
650 0 |a Teología   |9 258766 
650 0 |a Ontología   |9 256850 
650 0 |a Fenomenología  |9 256519 
583 |a last modification  |c 20150416 15:37:22  |k Rodrigo Vera 
490 0 |a Cormorán. Colección Los Clásicos 
999 |c 238809  |d 238807 
952 |0 0  |1 0  |4 0  |6 189_400000000000000_TOM_1978  |7 0  |8 P  |9 249320  |a BIBEDU  |b BIBEDU  |c BIBEDU_PB  |d 2019-11-18  |i 1565117  |o 189.4 TOM 1978  |p 1565117  |r 2024-01-25  |w 2019-11-18  |y BK  |k FIL 
952 |0 0  |1 0  |4 0  |6 189_400000000000000_TOM_1978  |7 0  |8 P  |9 249321  |a BIBEDU  |b BIBEDU  |c BIBEDU_PB  |d 2019-11-18  |i 1565125  |o 189.4 TOM 1978  |p 1565125  |r 2024-01-25  |w 2019-11-18  |y BK  |k FIL 
952 |0 0  |1 0  |4 0  |6 189_400000000000000_TOM_1978  |7 0  |8 P  |9 249322  |a BIBEDU  |b BIBEDU  |c BIBEDU_PB  |d 2019-11-18  |i 1565133  |o 189.4 TOM 1978  |p 1565133  |r 2024-01-25  |w 2019-11-18  |y BK  |k FIL 
952 |0 0  |1 0  |4 0  |6 189_400000000000000_TOM_1978  |7 0  |8 P  |9 249323  |a BIBEDU  |b BIBEDU  |c BIBEDU_PB  |d 2019-11-18  |i 1565508  |o 189.4 TOM 1978  |p 1565508  |r 2024-01-25  |w 2019-11-18  |y BK  |k FIL 
952 |0 0  |1 0  |4 0  |6 189_400000000000000_TOM_1978  |7 0  |8 P  |9 249324  |a BIBEDU  |b BIBEDU  |c BIBEDU_PB  |d 2019-11-18  |i 1569414  |l 1  |o 189.4 TOM 1978  |p 1569414  |r 2024-01-25  |s 2023-04-11  |w 2019-11-18  |y BK  |k FIL 
952 |0 0  |1 0  |2 ddc  |4 0  |6 189_400000000000000_TOM_1978  |7 0  |8 DER_TF  |9 249325  |a BIBDER  |b BIBDER  |d 2019-11-18  |i 3410897  |o 189.4 TOM 1978  |p 3410897  |r 2023-01-25  |w 2019-11-18  |x Libro en cuarto piso  |y BK  |z Estos libros se piden con anticipación  |k DER 
952 |0 0  |1 0  |3 erb  |4 0  |6 189_400000000000000_TOM_1978  |7 0  |8 P  |9 249326  |a BIBEDU  |b BIBEDU  |c BIBEDU_PB  |e Villagrán Garnham, Jorge  |i 5187060  |o 189.4 TOM 1978  |p 5187060  |r 2024-01-25  |w 2019-11-18  |y BK  |z Catalogado en:20150728  |k FIL